Detalles MARC
| 000 -LEADER |
| longitud fija campo de control |
01912nam a22004097a 4500 |
| 003 - IDENTIFICADOR DE NUMERO DE CONTROL |
| control del campo |
AR-RoUNA |
| 005 - FECHA DE LA ULTIMA MODIFICACION |
| control del campo |
20250910171340.0 |
| 008 - CAMPO DE CONTROL - LIBROS |
| longitud fija campo de control |
250909b |||||||| |||| 00| 0 spa d |
| 020 ## - INTERNATIONAL STANDARD BOOK NUMBER |
| ISBN |
8425209617 |
| 040 ## - ORIGEN DE LA CATALOGACION |
| Agencia que cataloga la obra original |
AR-RoUNA |
| Idioma en que se cataloga |
spa |
| Entidad que modifico el registro |
AR-RoUNA |
| 041 ## - CODIGO DE IDIOMA |
| Codigo de idioma del texto / sonido o titulo separado |
spa |
| Codigo de idioma de la traduccion original y / o intermedios de texto |
spa |
| 044 ## - CODIGO DE PAIS / ENTIDAD PRODUCTORA |
| Codigo MARC del pais |
ag |
| 100 1# - ASIENTO PRINCIPAL - NOMBRE PERSONAL |
| Nombre personal |
Ricci Bitti, Pio E. |
| 9 (RLIN) |
27391 |
| 245 10 - TITULO PROPIAMENTE DICHO |
| Titulo |
Comportamiento no verbal y comunicacion / |
| Mencion de responsabilidad, etc |
Pio E. Ricci Bitti; Santa Cortesi |
| 250 ## - MENCION DE EDICION |
| Edicion declarada |
1a. ed. |
| 260 ## - EDITORIAL - PUBLICACION, DISTRIBUCION, ETC. (Pie de imprenta) |
| Lugar de publicacion, distribucion, etc |
Barcelona : |
| Nombre del editor, distribuidor, etc |
Gustavo Gili, |
| Fecha de publicacion |
c1977; 1980 |
| 300 ## - DESCRIPCION FISICA |
| Extension |
204 p. |
| Dimensiones |
20x13 cm |
| 490 ## - MENCION DE SERIE |
| Titulo de la serie |
Coleccion Punto y Linea |
| 505 0# - NOTA DE CONTENIDO CON FORMATO |
| Título |
INDICE |
| 505 0# - NOTA DE CONTENIDO CON FORMATO |
| Título |
I. Comportamiento interpersonal y comportamiento no verbal |
| 505 0# - NOTA DE CONTENIDO CON FORMATO |
| Título |
II. Elementos no verbales del comportamiento interpersonal |
| 505 0# - NOTA DE CONTENIDO CON FORMATO |
| Título |
III. Enfoques disciplinarios y metodos de estudio del comportamiento no verbal |
| 505 0# - NOTA DE CONTENIDO CON FORMATO |
| Título |
IV. Comportamiento no verbal y comunicacion |
| 505 0# - NOTA DE CONTENIDO CON FORMATO |
| Título |
V. Funciones del comportamiento no verbal |
| 505 0# - NOTA DE CONTENIDO CON FORMATO |
| Título |
VI. Comportamiento no verbal y desarrollo social primario |
| 505 0# - NOTA DE CONTENIDO CON FORMATO |
| Título |
VII. Comportamiento no verbal y perturbaciones del comportamiento |
| 520 3# - NOTA DE RESUMEN |
| Nota de resumen, etc. |
Este documento, es de interés desde lo psicologico teniendo presente los aspectos no verbales del comportamiento; ello a obligado a ampliar el terreno de investigación, enriqueciendo la aproximación a los problemas del comportamiento interpersonal, abriendo nuevos niveles de análisis, el comportamiento espacial, del movimiento y de la gestualidad de la mirada, de las expresiones del rostro, de aspectos externo y de los aspectos no lingüísticos del discurso. |
| 650 #4 - MATERIA - TERMINO TEMATICO |
| Término temático general |
Comportamiento |
| General subdivision |
Conducta |
| 650 #4 - MATERIA - TERMINO TEMATICO |
| Término temático general |
Desarrollo social |
| 650 #4 - MATERIA - TERMINO TEMATICO |
| Término temático general |
Comunicacion no verval |
| 700 1# - ENTRADA SECUNDARIA - NOMBRES PERSONALES |
| Nombre personal |
Cortesi, Santa |
| 9 (RLIN) |
27394 |
| 908 ## - SOPORTE |
| Soporte |
Imp |
| 930 ## - ACCESION |
| Numero de accesion (NR) |
12234 |
| 942 ## - FUENTE DE CLASIFICACION |
| Clasificacion |
Dewey Decimal Classification |
| Tipo de item |
Libro |
| 945 ## - INFORMACION DE PROCESAMIENTO |
| Codigo del operador |
MIA |
| Fecha de ingreso o modificacion |
2025-09-09 |
| 980 ## - DECLARACIÓN DE EQUIVALENCIA O SERIE DE REFERENCIA CRUZADA - NOMBRE / TÍTULO PERSONAL [LOCAL, CANADÁ] |
| Código del operador |
1 |
| Nombre del operador |
Maricel Allasia |
| Código del operador que modifico el registro |
1 |
| Nombre del operador que modifico el registro |
Maricel Allasia |